Speaking effectively, Teacher's Guide

This book is useful to you in speaking effectively

Bewaard in:
Bibliografische gegevens
Hoofdauteur: Irwin, J. V.
Formaat: Boek
Taal:Undetermined
Gepubliceerd in: New York Holt Rinehart and Winston 1982
Onderwerpen:
Tags: Voeg label toe
Geen labels, Wees de eerste die dit record labelt!
Thư viện lưu trữ: Trung tâm Học liệu Trường Đại học Cần Thơ
LEADER 00619nam a2200193Ia 4500
001 CTU_186523
008 210402s9999 xx 000 0 und d
082 |a 808.51 
082 |b I.65 
100 |a Irwin, J. V. 
245 0 |a Speaking effectively, Teacher's Guide 
245 0 |c J. V. Irwin, Marjorie Rosenberger, John H. Sloan 
260 |a New York 
260 |b Holt Rinehart and Winston 
260 |c 1982 
520 |a This book is useful to you in speaking effectively 
650 |a Public speaking,Nói trước công chúng 
910 |a Hải 
980 |a Trung tâm Học liệu Trường Đại học Cần Thơ